000 00390nam a2200157Ia 4500
008 230524s9999 xx 000 0 und d
082 _a510.21
_bNAD
100 _aA.Nandy
245 0 _aPractical Numrical Analysis Using Microsoft Excel
250 _a1ST
260 _aNEW DELHI
_bNarosa
_c2004
300 _aXVII;285
500 _aQuantity Number: 2
650 _aComp-Sc
942 _cBK
999 _c20401
_d20401